| 000 | 00504 a2200169 4500 | ||
|---|---|---|---|
| 999 |
_c8528 _d8528 |
||
| 020 | _a9780688163181 | ||
| 050 | 0 | 0 | _aPS3562. LEH 2008 |
| 100 | 1 |
_aLehane, Dennis. _eauthor |
|
| 245 | 1 | 4 |
_aThe given day : _ba novel / _cDennis Lehane. |
| 250 | _a1st ed. | ||
| 264 |
_aLondon : _bTransworld publishers, _c2008 |
||
| 300 | _axi, 704 p. ; | ||
| 500 | _aincludes acknowledgements | ||
| 650 | 0 | _aPolice Strike, Boston, Mass., 1919 | |
| 942 |
_2lcc _cBK _h3562 _iLEH _kPS |
||